=LDR 00000nam 2200000 4500 =001 INLIS000000000028558 =005 20200210075045 =035 ##$$a 0010-061300000028558 =008 200210################g##########0#ind## =041 ##$$a Ind =082 ##$$a 005 =090 ##$$a 005, Kup k =245 ##$$a Kupas tuntas flash 8 /$c Tim Pengembang =260 ##$$a Yogyakarta :$b Ardana Media,$c 2007 =300 ##$$a xi, 132 hlm. : $b ilus. ; $c 13 x 20 cm =650 #4$$a Metode Khusus komputer =850 ##$$a NBPNMAT =084 ##$$a 005 KUP k =020 ##$$a 979-1118-46-9 =250 ##$$a Cet. 1 =990 ##$$a 30709404 =990 ##$$a 30709407